000 00781nam a2200205 a 4500
001 BRCA_888
005 20190320203208.0
008 311005s1987----ag-a---###---#000-0#eng-d
050 4 _aAM23
_b.S68 1987
245 1 0 _aSouthern Splendor
_bMasterworks of Colonial Silver from the Museo Isaac Fernández Blanco, Buenos Aires.
260 _aNueva York
_bAmericas Society Art Gallery
_c1987
300 _a64 p.
_bil. (algunas a color)
_c28 cm.
500 _aCatálogo de la exposición realizada en Americas Society, Art Gallery (New York), octubre - diciembre, 1987
504 _aBibliografía : p. 63
650 1 4 _aMuseos
_vExposiciones
_xHistoria
_92956
650 1 4 _aMuseos
_xArte
_zArgentina
_92957
653 0 _aPlata
710 2 _aMuseo Isaac Fernández Blanco
_92958
942 _2lcc
_cB
999 _c782
_d782